State, Society, and Economy in the 21st Century : (Record no. 616884)

MARC details
000 -LEADER
fixed length control field 00503nam a2200193 a 4500
008 - FIXED-LENGTH DATA ELEMENTS--GENERAL INFORMATION
fixed length control field 260304s2009##################000#0#eng##
020 ## - INTERNATIONAL STANDARD BOOK NUMBER
ISBN 9788173048364
082 04 - DEWEY DECIMAL CLASSIFICATION NUMBER
Classification number 327.54071
Item number NAR
100 1# - MAIN ENTRY--AUTHOR NAME
Personal name Narang, Amarjit S.,
245 10 - TITLE STATEMENT
Title State, Society, and Economy in the 21st Century :
260 ## - PUBLICATION, DISTRIBUTION, ETC. (IMPRINT)
Year of publication 2009.
300 ## - PHYSICAL DESCRIPTION
Number of Pages 397 pages
650 #0 - SUBJECT ADDED ENTRY--TOPICAL TERM
Topical Term Canada.
942 ## - ADDED ENTRY ELEMENTS (KOHA)
Koha item type English Books
Holdings
Withdrawn status Lost status Damaged status Not for loan Home library Current library Shelving location Date acquired Full call number Accession Number Price effective from Koha item type
        Anna Centenary Library Anna Centenary Library 3RD FLOOR, B WING 04.03.2026 327.54071 NAR 495080 04.03.2026 English Books

Find us on the map